Dobrovoľný pilier dôchodkového systému

Zameranie sa na oblasť tretieho piliera dôchodkového systému, ktorý v podmienkach Slovenska predstavuje dobrovoľné doplnkové dôchodkové sporenie. Systém je založený prevažne na zamestnávateľsko-zamestnaneckom princípe, účasť je umožnená každej fyzickej osobe nad 18 rokov veku. Tento produkt sporenia...

Descrizione completa

Salvato in:
Dettagli Bibliografici
Autore principale: Rievajová, Eva
Altri autori: Pechová, Michaela, 1977-
Natura: Capitolo di libro
Lingua:slovacco
Soggetti:
Tags: Aggiungi Tag
Nessun Tag, puoi essere il primo ad aggiungerne!!

MARC

LEADER 00000nla$a2200000$$$4500
001 0077886
005 20240502071912.0
041 0 |a slo 
044 |a SK 
245 1 0 |a Dobrovoľný pilier dôchodkového systému  |c Eva Rievajová, Michaela Pechová 
520 |a Zameranie sa na oblasť tretieho piliera dôchodkového systému, ktorý v podmienkach Slovenska predstavuje dobrovoľné doplnkové dôchodkové sporenie. Systém je založený prevažne na zamestnávateľsko-zamestnaneckom princípe, účasť je umožnená každej fyzickej osobe nad 18 rokov veku. Tento produkt sporenia si na dôchodok je štátom podporovaný, podpora je určená ako pre poistenca, tak i pre zamestnávateľa. 
610 2 0 |a systémy dôchodkové 
610 2 0 |a Slovensko 
610 2 0 |a financovanie 
610 2 0 |a poistenie dôchodkové 
610 2 0 |a sporenie dôchodkové 
100 1 |a Rievajová, Eva 
700 1 |a Pechová, Michaela, 1977-